Counties of Arizona - Statistics

General Stats
  • This quiz has been taken 5 times
  • The average score is 8 of 15
Answer Stats
County % Correct
Yuma
80%
Apache
60%
Coconino
60%
Graham
60%
La Paz
60%
Maricopa
60%
Mohave
60%
Navajo
60%
Pima
60%
Pinal
60%
Santa Cruz
60%
Cochise
40%
Gila
40%
Greenlee
40%
Yavapai
40%
No matching quizzes found
Score Distribution
Percent of People with Each Score
Percentile by Number Answered
Your Score History
You have not taken this quiz